| 000 | 00816nam a2200253 a 4500 | ||
|---|---|---|---|
| 001 | 53622 | ||
| 003 | BD-RjUL | ||
| 005 | 20211209080007.0 | ||
| 008 | 161018s1969 nyua b 001 0 eng | ||
| 035 | _a(BD-RjUL)53744 | ||
| 040 |
_aDLC _cDLC _dDLC _dBD-RjUL _beng |
||
| 041 | _aeng | ||
| 082 | 0 | 0 |
_a658.3 _223 _bDAH 1969 |
| 100 | 1 |
_aDavis, Keith, _d1918- _9118779 |
|
| 245 | 1 | 0 |
_aHuman relations and organizational behavior : _breadings and comments / _cKeith Davis ,William G. Scott. |
| 250 | _a3d ed. | ||
| 260 |
_aNew York : _bMcGraw-Hill, _cc1969 |
||
| 300 |
_a371 p. : _bill ; _c23 cm. |
||
| 490 | 0 | _aMcGraw-Hill series in management | |
| 504 | _aIncludes bibliographical references and index | ||
| 650 | 0 |
_aPersonnel management. _9160247 |
|
| 700 | 1 |
_aScott, William G., _ejoint ed. _9160248 |
|
| 942 |
_2ddc _cBK |
||
| 999 |
_c53622 _d53622 |
||